Can you name all planned national capital cities? - Statistics

General Stats
  • This quiz has been taken 23 times
  • The average score is 10 of 24
Answer Stats
Picture Answer % Correct
Brasília, Brazil
100%
Washington, D.C., USA
84%
Ankara, Turkey
79%
Canberra, Australia
74%
Astana, Kazakhstan
68%
Islamabad, Pakistan
63%
Abuja, Nigeria
53%
Belmopan, Belize
53%
Naypyidaw, Myanmar
53%
New Delhi, India
53%
Wellington, New Zealand
53%
Pretoria, South Africa
42%
Valletta, Malta
37%
Lima, Peru
32%
Seoul, South Korea
32%
Baghdad, Iraq
26%
Dodoma, Tanzania
26%
Nouakchott, Mauritania
21%
Bridgetown, Barbados
16%
Ngerulmud, Palau
16%
Oslo, Norway
16%
Yamoussoukro, Ivory Coast
11%
Palikir, F.S. Micronesia
5%
Gaborone, Botswana
0%
No matching quizzes found
Score Distribution
Percent of People with Each Score
Percentile by Number Answered
Your Score History
You have not taken this quiz